[Event "Hastings Masters 2025-26"]
[Site "Hastings ENG"]
[Date "2025.12.30"]
[Round "4.27"]
[White "Yoon, Jacob D"]
[Black "Kilambi, Venkata Ananth Akshay"]
[Result "1-0"]
[WhiteTitle "CM"]
[WhiteElo "2165"]
[BlackElo "2038"]
[WhiteFideId "446076"]
[BlackFideId "489395"]
[EventDate "2025.12.28"]

1. e4 c6 2. d4 d5 3. e5 c5 4. Nf3 cxd4 5. Qxd4 Nc6 6. Qf4 e6 7. Bd3 Nb4 8. Bd2
Nxd3+ 9. cxd3 Be7 10. Nc3 Bd7 11. O-O f6 12. Qg3 Kf8 13. Ne2 f5 14. h4 Nh6 15.
Nf4 Ng4 16. Kh1 Qb6 17. Be3 Nxe3 18. fxe3 Qxe3 19. Rae1 Qb6 20. Ng5 Bxg5 21.
Qxg5 Qd8 22. Qh5 Qe8 23. Qf3 Qe7 24. Qf2 g6 25. g4 Be8 26. Rc1 Rg8 27. Rc7 Bd7
28. gxf5 gxf5 29. Nh5 d4 30. Kh2 Qd8 31. Rc2 Bc6 32. Qf4 Rg6 33. Nf6 Qe7 34. h5
Rg7 35. Rcc1 Rg2+ 36. Kh3 Qg7 37. Rf2 Rxf2 38. Qxf2 Qh6 39. Rg1 Qe3+ 40. Qxe3
dxe3 41. Nxh7+ Kf7 42. Ng5+ Ke7 43. h6 Rh8 44. h7 f4 45. Kg4 f3 46. Nxf3 Rxh7
47. Re1 Bxf3+ 48. Kxf3 Rh2 49. Re2 Rh3+ 50. Ke4 Kd7 51. b3 Kc6 52. Rc2+ Kd7 53.
d4 b5 54. Kd3 e2+ 55. Kxe2 Rh4 56. Kd3 Rh3+ 57. Kd2 Rh4 58. Kc3 a5 59. a4 Rh3+
60. Kb2 bxa4 61. bxa4 Rd3 62. Rc4 Rd2+ 63. Kc3 Ra2 64. Kd3 Ra1 65. Ke3 Re1+ 66.
Kf3 Rf1+ 67. Ke4 Re1+ 68. Kd3 Rd1+ 69. Kc3 Rc1+ 70. Kb3 Rb1+ 71. Kc2 Ra1 72. Kb2
Rd1 73. Ka2 Rd2+ 74. Kb3 Rd3+ 75. Kb2 Rd1 76. Rc5 Rxd4 77. Rxa5 Re4 78. Kc3 Re1
79. Kd4 Rc1 80. Ra7+ Kc6 81. Ra6+ Kd7 82. Rd6+ Ke7 83. a5 Ra1 84. a6 Rb1 85. Kc5
Rb2 86. Kc6 Rc2+ 87. Kb7 Re2 88. a7 Rxe5 89. Rb6 Ra5 90. Ra6 Rb5+ 91. Kc6 1-0

[Event "Hastings Masters 2025-26"]
[Site "Hastings ENG"]
[Date "2025.12.30"]
[Round "4.28"]
[White "Rayner, Francis"]
[Black "Janse, Jan Jaap"]
[Result "1/2-1/2"]
[WhiteElo "1983"]
[BlackElo "2170"]
[WhiteFideId "1800132"]
[BlackFideId "1010344"]
[EventDate "2025.12.28"]

1. c4 e6 2. Nc3 d5 3. d4 c5 4. e3 Nf6 5. Nf3 cxd4 6. exd4 Be7 7. Bd3 dxc4 8.
Bxc4 a6 9. a4 Nc6 10. O-O O-O 11. Re1 Nb4 12. Bg5 Qc7 13. Qe2 Re8 14. Rad1 Bd7
15. Ne5 b5 16. axb5 axb5 17. Nxb5 Bxb5 18. Bxb5 Red8 19. Bc4 Nfd5 20. Nxf7 Kxf7
21. Qxe6+ Kf8 22. Bxe7+ Qxe7 23. Qf5+ Qf6 24. Qxh7 Qh6 25. Qf5+ Qf6 26. Qh7 Qh6
27. Qf5+ 1/2-1/2

[Event "Hastings Masters 2025-26"]
[Site "Hastings ENG"]
[Date "2025.12.30"]
[Round "4.29"]
[White "Turner, Lewis A"]
[Black "Adams, Henry"]
[Result "0-1"]
[WhiteElo "1945"]
[BlackElo "2159"]
[WhiteFideId "412600"]
[BlackFideId "464562"]
[EventDate "2025.12.28"]

1. e4 e5 2. Nf3 Nc6 3. Bb5 a6 4. Ba4 Nf6 5. O-O Be7 6. Re1 b5 7. Bb3 O-O 8. d4
d6 9. c3 Bg4 10. Be3 Na5 11. dxe5 Bxf3 12. Qxf3 dxe5 13. Bc2 c5 14. Nd2 Qd7 15.
h3 Qe6 16. b3 h6 17. Nf1 Rfd8 18. Ng3 Bf8 19. Nf5 Kh7 20. g4 g6 21. Nxh6 Bxh6
22. g5 Nh5 23. gxh6 b4 24. c4 Nc6 25. Bxc5 Nf4 26. Be3 Nd4 27. Bxd4 Rxd4 28.
Rad1 Nxh3+ 29. Kh2 Ng5 30. Qg3 Qf6 31. Kg2 Rad8 32. Rxd4 Rxd4 33. Qe3 Ne6 34.
Rg1 Nf4+ 35. Kf1 Qd8 36. Ke1 Qa5 37. Rg4 Qxa2 38. Rxf4 Qa1+ 39. Ke2 exf4 40.
Qxf4 Rd7 41. e5 Qc3 42. Qe4 Rd2+ 0-1

[Event "Hastings Masters 2025-26"]
[Site "Hastings ENG"]
[Date "2025.12.30"]
[Round "4.30"]
[White "Gorskovs, Andrejs"]
[Black "Tudoroiu, Razvan-Catalin"]
[Result "0-1"]
[WhiteElo "1920"]
[BlackElo "2063"]
[WhiteFideId "343426751"]
[BlackFideId "1281100"]
[EventDate "2025.12.28"]

1. e4 e5 2. Nf3 Nc6 3. Bb5 a6 4. Ba4 d6 5. c3 Bd7 6. d4 g6 7. O-O Bg7 8. Re1 Nf6
9. Bxc6 Bxc6 10. dxe5 Nxe4 11. Nbd2 dxe5 12. Qe2 f5 13. Nxe4 Bxe4 14. Ng5 Bd3
15. Qe3 Qd7 16. Rd1 Rd8 17. b3 O-O 18. Ba3 Rfe8 19. Rd2 h6 20. Rad1 e4 21. Nh3
Bxc3 22. Qxh6 Qh7 23. Qg5 Qh5 24. Qf4 Bxd2 25. Rxd2 Bb5 26. Bb2 0-1

[Event "Hastings Masters 2025-26"]
[Site "Hastings ENG"]
[Date "2025.12.30"]
[Round "4.31"]
[White "Verbin, Valentina"]
[Black "Rubeck, Jonathan"]
[Result "1-0"]
[WhiteTitle "WFM"]
[WhiteElo "2122"]
[BlackElo "1913"]
[WhiteFideId "13905910"]
[BlackFideId "435678"]
[EventDate "2025.12.28"]

1. e4 d5 2. exd5 Nf6 3. d4 Nxd5 4. Nf3 g6 5. Be2 Bg7 6. O-O O-O 7. h3 Nc6 8. c4
Nb6 9. Be3 e5 10. d5 Ne7 11. Nc3 Nf5 12. Bg5 f6 13. Bc1 c6 14. Qb3 Nd4 15. Nxd4
exd4 16. dxc6 bxc6 17. c5+ Nd5 18. Nxd5 cxd5 19. Bf3 Be6 20. Bf4 a5 21. Bd6 a4
22. Qd3 Rf7 23. Rfe1 Qd7 24. Qxd4 Re8 25. Bxd5 a3 26. bxa3 f5 27. Bxe6 Rxe6 28.
Qd5 Re4 29. Rxe4 fxe4 30. Rb1 h6 31. c6 Qa7 32. Bc5 Qa5 33. Rb8+ 1-0

[Event "Hastings Masters 2025-26"]
[Site "Hastings ENG"]
[Date "2025.12.30"]
[Round "4.32"]
[White "Burrows, Martin P"]
[Black "Swiatkowski, Dominik"]
[Result "1-0"]
[WhiteElo "2117"]
[BlackElo "1874"]
[WhiteFideId "409057"]
[BlackFideId "343415202"]
[EventDate "2025.12.28"]

1. e4 e5 2. Nf3 Nc6 3. Bb5 a6 4. Ba4 Nf6 5. O-O Be7 6. Re1 b5 7. Bb3 d6 8. c3
O-O 9. h3 Na5 10. Bc2 c5 11. d4 Qc7 12. Nbd2 cxd4 13. cxd4 Bd7 14. Nf1 Nc6 15.
Be3 Rac8 16. Rc1 Qb7 17. Ng3 Rfe8 18. a3 Nxd4 19. Nxd4 exd4 20. Bxd4 Be6 21. Qf3
a5 22. Bd3 b4 23. axb4 axb4 24. Nf5 Bxf5 25. Qxf5 g6 26. Qf4 Nd7 27. Bc4 Rf8 28.
Bd5 Qb8 29. Rxc8 Qxc8 30. Rc1 Qd8 31. Rc6 Ne5 32. Bxe5 dxe5 33. Qxe5 Bg5 34. g3
Bh6 35. b3 Bg7 36. Qf4 Bc3 37. h4 Qe8 38. h5 Qe5 39. Qxe5 Bxe5 40. hxg6 hxg6 41.
Rxg6+ Kh7 42. Rb6 Bc3 43. Rb7 Kg6 44. f4 f6 45. Kg2 Rd8 46. Kf3 Rh8 47. Be6 Rd8
48. Bf5+ 1-0

[Event "Hastings Masters 2025-26"]
[Site "Hastings ENG"]
[Date "2025.12.30"]
[Round "4.33"]
[White "White, Stuart A"]
[Black "Freeman, Luke"]
[Result "1-0"]
[WhiteElo "2072"]
[BlackElo "1867"]
[WhiteFideId "407747"]
[BlackFideId "343411959"]
[EventDate "2025.12.28"]

1. d4 Nf6 2. c4 g6 3. h4 h5 4. Nf3 Bg7 5. Bg5 c6 6. Nc3 d5 7. cxd5 Nxd5 8. e4
Nxc3 9. bxc3 O-O 10. Qd2 c5 11. d5 Bg4 12. Rc1 Bxf3 13. gxf3 Kh7 14. Be2 Nd7 15.
Rg1 Bf6 16. f4 Bxg5 17. Rxg5 f6 18. Rg3 Qe8 19. f5 gxf5 20. Qf4 e6 21. dxe6 Qxe6
22. exf5 Qe5 23. Qf3 Qe8 24. Rg6 1-0

[Event "Hastings Masters 2025-26"]
[Site "Hastings ENG"]
[Date "2025.12.30"]
[Round "4.34"]
[White "Vaidyanathan, Sathya"]
[Black "Clarke, Connor"]
[Result "0-1"]
[WhiteElo "1842"]
[BlackElo "2058"]
[WhiteFideId "490539"]
[BlackFideId "457655"]
[EventDate "2025.12.28"]

1. e4 e6 2. d4 d5 3. Bd3 dxe4 4. Bxe4 Nf6 5. Bf3 Be7 6. Ne2 O-O 7. O-O c5 8. Be3
cxd4 9. Qxd4 Nc6 10. Bxc6 bxc6 11. Qxd8 Rxd8 12. Nbc3 Nd5 13. Nxd5 cxd5 14. Nd4
Bd7 15. f4 Rab8 16. b3 Rdc8 17. Rfd1 Bf6 18. Rac1 Rc3 19. Rd3 Rbc8 20. Ne2 Rxc2
21. Rxc2 Rxc2 22. Rd2 Rc7 23. Nd4 h6 24. Kf2 Bd8 25. Rc2 f6 26. Rxc7 Bxc7 27.
Nc2 a5 28. b4 e5 29. fxe5 fxe5 30. bxa5 Bxa5 31. Bc5 Kf7 32. Nb4 Ke6 33. Bf8 Kf7
34. Bc5 d4 35. Nd3 Bc7 36. Nb4 Ke6 37. Kf3 Ba4 38. g3 h5 39. Ke4 Ba5 40. a3 g5
41. Bf8 g4 42. Bg7 Bxb4 43. axb4 Bc2# 0-1

[Event "Hastings Masters 2025-26"]
[Site "Hastings ENG"]
[Date "2025.12.30"]
[Round "4.35"]
[White "Bharat Kumar, Balahari"]
[Black "Eldridge, Albert"]
[Result "1/2-1/2"]
[WhiteElo "2068"]
[BlackElo "1781"]
[WhiteFideId "496464"]
[BlackFideId "343438857"]
[EventDate "2025.12.28"]

1. d4 d5 2. c4 e6 3. Nc3 Nf6 4. Bg5 Be7 5. e3 h6 6. Bh4 O-O 7. cxd5 exd5 8. Qc2
c6 9. Bd3 Ne8 10. Bxe7 Qxe7 11. Nf3 Nd6 12. O-O Re8 13. Rae1 Qf6 14. Ne2 Bf5 15.
Ne5 Bxd3 16. Qxd3 Qe7 17. Ng3 Nd7 18. Nxd7 Qxd7 19. f3 Rad8 20. Rf2 g6 21. b3 f5
22. Ne2 Qf7 23. Qd2 Kh7 24. Nf4 Qg7 25. Nd3 Re7 26. Qb4 Qf6 27. Qd2 Nf7 28. Nc5
Qd6 29. Rfe2 Qc7 30. e4 dxe4 31. fxe4 Qd6 32. exf5 Rxe2 33. fxg6+ Kxg6 34. Rxe2
Qxd4+ 35. Qxd4 Rxd4 36. Nxb7 Ng5 37. Nc5 Rd1+ 38. Kf2 Kf5 39. g3 Rd5 40. Na4
Ne4+ 41. Kg2 Rd2 42. Nc3 Rxe2+ 43. Nxe2 Ke5 44. Kf3 Nf6 45. h3 c5 46. Nc3 h5 47.
a3 a6 48. Ke3 Kf5 49. Kd3 Ke5 50. Kc4 Kd6 51. a4 Kc6 52. Ne2 Nd5 53. Nf4 Nf6 54.
Nd3 Ne4 55. g4 Nd2+ 56. Kc3 Ne4+ 57. Kc4 Nd2+ 58. Kc3 Ne4+ 59. Kc2 hxg4 60. Ne5+
Kd5 61. Nxg4 Kd4 62. a5 c4 63. b4 Kd5 64. Ne3+ Kd4 65. b5 Nc5 66. bxa6 Nxa6 67.
Nf5+ Kc5 68. h4 Nb4+ 69. Kb1 Nd5 70. h5 Nf6 71. h6 Kb5 72. Kc2 Kxa5 73. Kc3 Kb5
74. Nd6+ Kc5 75. Nxc4 Kd5 76. Ne3+ Ke6 77. Ng4 Nh7 78. Kd3 Kf5 79. Ne3+ Kg5 1/2-1/2

[Event "Hastings Masters 2025-26"]
[Site "Hastings ENG"]
[Date "2025.12.30"]
[Round "4.36"]
[White "ONUOHA, Obioma"]
[Black "Oh, Sejun"]
[Result "1-0"]
[WhiteElo "2056"]
[BlackElo "1695"]
[WhiteFideId "8505837"]
[BlackFideId "13216112"]
[EventDate "2025.12.28"]

1. e4 c5 2. Nf3 Nc6 3. d4 cxd4 4. Nxd4 g6 5. Be3 Nf6 6. Nc3 Bg7 7. Be2 O-O 8.
O-O d5 9. Nxc6 bxc6 10. e5 Nd7 11. f4 e6 12. b4 Qe7 13. a3 c5 14. bxc5 Nxc5 15.
Qd4 Nd7 16. Rfb1 f6 17. Nxd5 Qf7 18. exf6 Nxf6 19. Nxf6+ Bxf6 20. Qe4 Bd7 21.
Ra2 Rfc8 22. Bc4 Kh8 23. Rb7 Bg7 24. Bd4 Bxd4+ 25. Qxd4+ Kg8 26. Bb5 e5 27. Qxd7
Qf6 28. Qxh7+ Kf8 29. Qh6+ Kg8 30. Ba4 1-0

[Event "Hastings Masters 2025-26"]
[Site "Hastings ENG"]
[Date "2025.12.30"]
[Round "4.37"]
[White "Saxena, Reyansh"]
[Black "Varney, Zoe"]
[Result "0-1"]
[BlackTitle "WFM"]
[WhiteElo "1641"]
[BlackElo "2053"]
[WhiteFideId "343423884"]
[BlackFideId "436135"]
[EventDate "2025.12.28"]

1. e4 e5 2. Nf3 Nc6 3. Bc4 Bc5 4. d3 Nf6 5. Nc3 a6 6. Nd5 h6 7. O-O d6 8. h3 O-O
9. Kh2 Na5 10. b4 Nxd5 11. bxc5 Nf6 12. Bb3 Nxb3 13. axb3 Re8 14. cxd6 cxd6 15.
g4 d5 16. Bb2 Qc7 17. Bxe5 Rxe5 18. Nxe5 Qxe5+ 19. f4 Qd4 20. e5 Ne8 21. Qe2 Bd7
22. Qf2 Qc3 23. Rae1 Rc8 24. Re2 Nc7 25. Qh4 Re8 26. g5 hxg5 27. Qxg5 Ne6 28.
Qg3 Nd4 29. Rg2 g6 30. Qf2 Kg7 31. Qh4 Qc6 32. Qf2 Nf5 33. Rh1 d4 34. Rg5 Rh8
35. Kg1 Ne3 36. h4 Qxc2 37. Qxc2 Nxc2 38. Kf2 Bf5 39. Ke2 Nb4 40. Rg3 Rc8 41. h5
Rc3 42. hxg6 fxg6 43. Rhg1 Nxd3 44. Kd2 Rxb3 45. e6 Rb2+ 46. Kd1 Nxf4 47. e7 Re2
48. Re1 Bc2+ 49. Kc1 Rxe1+ 50. Kxc2 Rxe7 51. Rb3 d3+ 52. Kd2 b5 53. Rb4 g5 54.
Rd4 Re2+ 55. Kd1 Re6 56. Kd2 Kf6 57. Rd8 g4 58. Rg8 Kf5 59. Rg7 Rg6 60. Ke3 Rxg7
61. Kf2 g3+ 62. Ke3 g2 63. Kf3 Nd5 0-1

[Event "Hastings Masters 2025-26"]
[Site "Hastings ENG"]
[Date "2025.12.30"]
[Round "4.38"]
[White "Saunders, Aron"]
[Black "Skytte, Robert"]
[Result "1-0"]
[BlackTitle "CM"]
[WhiteElo "2201"]
[BlackElo "2050"]
[WhiteFideId "469343"]
[BlackFideId "1471775"]
[EventDate "2025.12.28"]

1. e4 e5 2. Nf3 Nc6 3. Bc4 Nf6 4. d3 h6 5. a4 Bc5 6. c3 a5 7. Qb3 O-O 8. O-O d6
9. Nbd2 Bb6 10. Re1 Qe7 11. h3 Be6 12. Nf1 Qd7 13. Be3 Bxe3 14. Nxe3 Ne7 15. Qc2
c6 16. Rad1 Qc7 17. d4 exd4 18. cxd4 d5 19. e5 Nh5 20. Ba2 g6 21. Ng4 Kg7 22.
Qd2 Nf5 23. Ngh2 Qe7 24. g4 Nh4 25. gxh5 Bxh3 26. Qf4 Ng2 27. Qf6+ Qxf6 28.
exf6+ Kxf6 29. Re5 gxh5 30. Nf1 Nf4 31. Ne3 Rg8+ 32. Kh2 Rg7 33. Rg1 Rxg1 34.
Nxg1 Be6 35. Bb1 Rg8 36. Nf3 Rg7 37. Nh4 c5 38. Nef5 Rg4 39. f3 Rg5 40. Nd6 Rxe5
41. dxe5+ Kxe5 42. Nxb7 c4 43. Kg3 d4 44. Nxa5 Ng6 45. f4+ Nxf4 46. Nf3+ Kd5 47.
Kxf4 Kc5 48. Nb7+ Kb4 49. Nxd4 Bc8 50. Nd6 Bd7 51. a5 Kxa5 52. Nxc4+ Kb4 53. Ne5
Bc8 54. Nxf7 h4 55. Ba2 h3 56. Nf3 h5 57. N7e5 Kc5 58. Nd3+ Kb5 59. Kg3 Bg4 60.
Nf2 Bd7 61. Nxh3 Kb4 62. Nf4 Bf5 63. Nxh5 Bh7 64. Nf6 Bg6 65. Kf4 Bd3 66. Ke3
Ba6 67. Kd4 Bb7 68. Nd5+ Kb5 69. Bc4+ Kc6 70. b4 Kd7 71. Kc5 Kc8 72. b5 Kb8 73.
Ne5 Bc8 74. Kb6 Bb7 75. Ne7 Bg2 76. Nd7+ Ka8 77. Nd5 1-0

[Event "Hastings Masters 2025-26"]
[Site "Hastings ENG"]
[Date "2025.12.30"]
[Round "4.39"]
[White "Balzer, Lars"]
[Black "Ruane, Brendan J"]
[Result "1/2-1/2"]
[WhiteElo "2026"]
[BlackElo "1857"]
[WhiteFideId "4646452"]
[BlackFideId "430218"]
[EventDate "2025.12.28"]

1. e4 e5 2. Nf3 Nc6 3. Bc4 d6 4. c3 f5 5. d3 f4 6. d4 Qf6 7. d5 Nd8 8. Nbd2 a6
9. a4 g5 10. h3 h5 11. Nf1 Ne7 12. Bd2 g4 13. hxg4 hxg4 14. Rxh8 Qxh8 15. N3h2
g3 16. fxg3 fxg3 17. Nf3 Nf7 18. Qe2 Bh6 19. Nxg3 Bg4 20. O-O-O Bxd2+ 21. Qxd2
O-O-O 22. Rf1 Rg8 23. Qe3 Kb8 24. Rf2 Bd7 25. Nd2 Nh6 26. Be2 Bxa4 1/2-1/2

[Event "Hastings Masters 2025-26"]
[Site "Hastings ENG"]
[Date "2025.12.30"]
[Round "4.40"]
[White "Byron, Alan M"]
[Black "Ratcliffe, James"]
[Result "1-0"]
[WhiteElo "2022"]
[BlackElo "1845"]
[WhiteFideId "401773"]
[BlackFideId "343432840"]
[EventDate "2025.12.28"]

1. Nf3 d5 2. g3 c5 3. Bg2 Nf6 4. O-O e6 5. c4 d4 6. d3 Bd6 7. e3 Nc6 8. Na3 e5
9. exd4 cxd4 10. Nc2 a5 11. b3 O-O 12. Rb1 Ra6 13. a3 Bf5 14. Nh4 Bg4 15. Bf3
Bxf3 16. Qxf3 e4 17. dxe4 Ne5 18. Qg2 d3 19. Ne3 Bc5 20. Rd1 Nfg4 21. Nhf5 g6
22. Nxg4 Nxg4 23. Nh6+ Nxh6 24. Bxh6 Re8 25. b4 axb4 26. axb4 Bd4 27. h4 Ra2 28.
Rd2 Rxd2 29. Bxd2 Qa8 30. Qf3 Qa2 31. Qxd3 Rd8 32. Be3 Qxf2+ 33. Kxf2 1-0

[Event "Hastings Masters 2025-26"]
[Site "Hastings ENG"]
[Date "2025.12.30"]
[Round "4.41"]
[White "Sciupokas, Arunas"]
[Black "Sow, MiaoGeng Malcolm"]
[Result "1-0"]
[WhiteElo "1990"]
[BlackElo "1842"]
[WhiteFideId "12803693"]
[BlackFideId "5817501"]
[EventDate "2025.12.28"]

1. e4 c5 2. Nf3 e6 3. c3 Nf6 4. e5 Nd5 5. d4 Nc6 6. c4 Ndb4 7. a3 Qa5 8. Bd2
cxd4 9. Bxb4 Bxb4+ 10. Nbd2 Bxd2+ 11. Qxd2 Qxd2+ 12. Kxd2 f6 13. exf6 gxf6 14.
Bd3 d6 15. Rae1 Kf7 16. g4 e5 17. Reg1 Rg8 18. Bxh7 Rxg4 19. h4 Ne7 20. h5 Rxg1
21. Rxg1 Bf5 22. h6 Ng6 23. Bxg6+ Bxg6 24. Nh4 Rg8 25. Nxg6 Rxg6 26. Rh1 Rg8 27.
Kd3 f5 28. h7 Rh8 29. Rh6 Kg7 30. Rxd6 Rxh7 31. Re6 Rh3+ 32. Kd2 e4 33. Re7+ Kf6
34. Rxb7 Rf3 35. Ke1 d3 36. Rd7 Ke6 37. Rd8 f4 38. c5 Rh3 39. c6 Rh1+ 40. Kd2
Rf1 41. c7 Rxf2+ 42. Ke1 Re2+ 43. Kd1 Rc2 44. c8=Q+ Rxc8 45. Rxc8 Kd5 46. Rf8
Ke5 47. Kd2 f3 48. Ke3 1-0

[Event "Hastings Masters 2025-26"]
[Site "Hastings ENG"]
[Date "2025.12.30"]
[Round "4.42"]
[White "Pai, Sidhanth"]
[Black "Chapman, Luke"]
[Result "1/2-1/2"]
[WhiteElo "1842"]
[BlackElo "1976"]
[WhiteFideId "343111937"]
[BlackFideId "343416608"]
[EventDate "2025.12.28"]

1. e4 c5 2. Nf3 Nc6 3. Bb5 Nf6 4. e5 Nd5 5. O-O g6 6. Nc3 Nc7 7. Bxc6 dxc6 8.
Re1 Bg7 9. Ne4 Ne6 10. d3 O-O 11. Be3 b6 12. Qd2 f5 13. exf6 exf6 14. Bh6 Nd4
15. Nxd4 cxd4 1/2-1/2

[Event "Hastings Masters 2025-26"]
[Site "Hastings ENG"]
[Date "2025.12.30"]
[Round "4.43"]
[White "Prince, Alan R"]
[Black "Lee, Younggyu"]
[Result "0-1"]
[WhiteElo "1803"]
[BlackElo "1892"]
[WhiteFideId "2402165"]
[BlackFideId "13227378"]
[EventDate "2025.12.28"]

1. Nf3 Nf6 2. g3 g6 3. Bg2 Bg7 4. O-O O-O 5. d3 d6 6. e4 c6 7. Nbd2 h6 8. c3 e5
9. a4 Be6 10. b4 a5 11. Nc4 Bxc4 12. dxc4 Nxe4 13. Qd3 Nf6 14. Nd2 Na6 15. Ba3
Qc7 16. Nb3 axb4 17. cxb4 Rad8 18. Rad1 Rfe8 19. b5 Nc5 20. Nxc5 dxc5 21. Qe3
cxb5 22. Bxc5 Rd5 23. Rd3 Rxd3 24. Re1 Rd1 25. Rxd1 bxa4 26. Rb1 Rc8 27. Ba3 Ng4
28. Qa7 Qxc4 29. Rxb7 Rd8 30. Rd7 Rxd7 31. Qxd7 Nf6 32. Qd6 Qc2 33. Qxe5 Qxf2+
34. Kxf2 Ng4+ 35. Ke1 Nxe5 36. Bf1 Bf8 37. Bb2 Nf3+ 38. Kf2 Nxh2 39. Bb5 a3 40.
Bd4 Bg7 41. Bxg7 Kxg7 42. Bc4 Ng4+ 43. Ke2 f5 44. Kd2 Kf6 45. Kc3 Ke5 46. Kb3
Kd4 47. Bf7 Ne5 48. Be6 Ke3 0-1

[Event "Hastings Masters 2025-26"]
[Site "Hastings ENG"]
[Date "2025.12.30"]
[Round "4.45"]
[White "Binks, Michael"]
[Black "Wilson, Matthew R"]
[Result "0-1"]
[WhiteElo "1898"]
[BlackElo "1772"]
[WhiteFideId "1800957"]
[BlackFideId "423459"]
[EventDate "2025.12.28"]

1. d4 d5 2. c4 e6 3. Nc3 Nf6 4. Bg5 Be7 5. e3 h6 6. Bh4 Nbd7 7. Nf3 b6 8. cxd5
exd5 9. Bb5 Bb7 10. Ne5 O-O 11. Bc6 Bxc6 12. Nxc6 Qe8 13. O-O g5 14. Bg3 Bd6 15.
Bxd6 cxd6 16. Qb3 Ne4 17. Nxd5 Nd2 18. Qd1 Nxf1 19. Qh5 Kg7 20. Nce7 f5 21. Qxe8
Raxe8 22. Kxf1 Rf7 23. Nc6 Nf6 24. Nxf6 Kxf6 25. Rc1 Ke6 26. Ke2 a5 27. Kd3 Kd5
28. f3 g4 29. b4 gxf3 30. gxf3 Rg7 31. bxa5 bxa5 32. Nxa5 Ra8 33. Nc4 Rxa2 34.
e4+ fxe4+ 35. fxe4+ Ke6 36. d5+ Ke7 37. Rb1 Ra7 38. Rb6 Rd7 39. Ne3 Kd8 40. Nf5
Rg2 41. Nxh6 Rxh2 42. Nf5 Rh3+ 43. Kd4 Ra7 44. Rxd6+ Kc7 45. Rg6 Ra4+ 46. Ke5
Rh1 47. Rg7+ Kd8 48. Nd4 Rh5+ 49. Kd6 Ke8 50. Re7+ Kf8 51. Nf5 Rxf5 0-1

[Event "Hastings Masters 2025-26"]
[Site "Hastings ENG"]
[Date "2025.12.30"]
[Round "4.46"]
[White "Gupta, Aditya"]
[Black "Sadler, Ben"]
[Result "1/2-1/2"]
[WhiteElo "1808"]
[BlackElo "1882"]
[WhiteFideId "343418643"]
[BlackFideId "472190"]
[EventDate "2025.12.28"]

1. e4 e6 2. d4 d5 3. Nc3 Nf6 4. Bg5 dxe4 5. Nxe4 Be7 6. Bxf6 gxf6 7. Nf3 f5 8.
Nc3 a6 9. g3 b5 10. Bg2 Bb7 11. O-O c5 12. dxc5 Qxd1 13. Raxd1 Bxc5 14. Ne5 Bxg2
15. Kxg2 Ra7 16. Rd3 f6 17. Rfd1 O-O 18. Nd7 Nxd7 19. Rxd7 Rxd7 20. Rxd7 Rf7 21.
Rd8+ Rf8 22. Rd7 Rf7 1/2-1/2

[Event "Hastings Masters 2025-26"]
[Site "Hastings ENG"]
[Date "2025.12.30"]
[Round "4.47"]
[White "Anjulan, Ashwin"]
[Black "Saxena, Advik"]
[Result "1-0"]
[WhiteElo "1876"]
[BlackElo "1806"]
[WhiteFideId "343411622"]
[BlackFideId "343423892"]
[EventDate "2025.12.28"]

1. e4 c5 2. Nc3 e6 3. f4 a6 4. Nf3 d5 5. d3 Nc6 6. g3 Nf6 7. e5 Nd7 8. Bg2 Be7
9. O-O b5 10. Kh1 Bb7 11. d4 O-O 12. Be3 cxd4 13. Nxd4 Nxd4 14. Bxd4 Bc5 15.
Bxc5 Nxc5 16. Qd4 Nd7 17. f5 Qg5 18. Rae1 Rac8 19. b3 Kh8 20. h4 Qd8 21. fxe6
fxe6 22. Rxf8+ Qxf8 23. Ne4 Bc6 24. Nd6 Rb8 25. Rf1 Qe7 26. Rf7 Qd8 27. Qg4 g6
28. Qxe6 Nf8 29. Qg4 Qa5 30. Qf4 Qd8 31. Qh6 1-0

[Event "Hastings Masters 2025-26"]
[Site "Hastings ENG"]
[Date "2025.12.30"]
[Round "4.48"]
[White "Barbu, Simon-Alexandru"]
[Black "Napolitano, Domenico"]
[Result "1-0"]
[WhiteElo "2051"]
[BlackElo "1863"]
[WhiteFideId "1257170"]
[BlackFideId "456993"]
[EventDate "2025.12.28"]

1. e4 e5 2. Nf3 f5 3. Nxe5 Qf6 4. d4 d6 5. Nc4 fxe4 6. Nc3 Qg6 7. Bf4 Nf6 8. d5
Be7 9. Qd2 O-O 10. O-O-O a6 11. h3 b5 12. Na5 Nfd7 13. Kb1 Nc5 14. g4 Nbd7 15.
Bg2 b4 16. Ne2 Bf6 17. g5 Be5 18. Nc6 Re8 19. h4 Nb6 20. Bxe5 Nc4 21. Qxb4 Nxe5
22. Ned4 Qf7 23. Qd2 Qxd5 24. Nxe5 Rxe5 25. Qe2 Qf7 26. Nc6 Re8 27. Rhe1 Bd7 28.
Na5 Rab8 29. Rd4 Rb5 30. Nb3 Nxb3 31. axb3 d5 32. Qd2 Rf8 33. Bxe4 Bc6 34. Bd3
Rb6 35. f4 Qxf4 1-0

[Event "Hastings Masters 2025-26"]
[Site "Hastings ENG"]
[Date "2025.12.30"]
[Round "4.49"]
[White "Butt, Laurence"]
[Black "Kim, Changhoon"]
[Result "0-1"]
[BlackTitle "CM"]
[WhiteElo "1790"]
[BlackElo "1874"]
[WhiteFideId "440884"]
[BlackFideId "34117234"]
[EventDate "2025.12.28"]

1. d4 d5 2. f4 g6 3. Nf3 Bg7 4. e3 Nf6 5. c4 c5 6. Nc3 cxd4 7. exd4 O-O 8. c5 b6
9. cxb6 axb6 10. Be2 Nc6 11. O-O Ne4 12. Ne5 Bb7 13. Be3 Nxc3 14. bxc3 Qc7 15.
Nxc6 Qxc6 16. Qb3 Ba6 17. Bxa6 Rxa6 18. f5 Rfa8 19. Bd2 Ra3 20. Qb2 Bf6 21. Be1
Kg7 22. h4 R8a6 23. h5 g5 24. Rf2 Qc4 25. Qe2 Qxe2 26. Rxe2 g4 27. Rc2 Bg5 28.
Kf2 Bf4 29. Ke2 Kf6 30. Kd3 Kxf5 31. Bh4 e5 32. dxe5 Bxe5 33. Be7 R3a4 34. a3
Ke6 35. Bf8 Ra8 36. Bh6 Rxa3 37. Rb1 R8a6 38. Be3 Ra1 39. Rbb2 f5 40. Bxb6 f4
41. Ke2 R6a3 42. Bd4 Bxd4 43. cxd4 Re3+ 44. Kd2 Rg1 45. Rb6+ Kf5 46. Rh6 Rxg2+
47. Kc1 Re1+ 48. Kb2 Rxc2+ 49. Kxc2 g3 0-1

[Event "Hastings Masters 2025-26"]
[Site "Hastings ENG"]
[Date "2025.12.30"]
[Round "4.50"]
[White "Brewer, Callum D"]
[Black "Venkatesh, Anuj"]
[Result "1-0"]
[WhiteElo "2175"]
[BlackElo "1825"]
[WhiteFideId "435309"]
[BlackFideId "455636"]
[EventDate "2025.12.28"]

1. e4 c5 2. Nf3 Nc6 3. Bb5 e6 4. Bxc6 bxc6 5. d3 Qc7 6. O-O Ne7 7. Nh4 Ng6 8.
Nxg6 hxg6 9. f4 d5 10. c4 d4 11. e5 Bb7 12. Nd2 Be7 13. Nf3 O-O-O 14. Bd2 Rh5
15. Be1 Rdh8 16. Bg3 g5 17. fxg5 Bxg5 18. Nxg5 Rxg5 19. Qf3 Rf8 20. Qe4 Qd7 21.
Qh4 Rg6 22. Rf2 f5 23. exf6 gxf6 24. Qh5 Rfg8 25. Qxc5 e5 26. Raf1 Qe6 27. Qxa7
Qe7 28. c5 Qe6 29. Qa4 Rf8 30. Qb3 Qxb3 31. axb3 Ba6 32. Bxe5 Bxd3 33. Rxf6
Rgxf6 34. Rxf6 Re8 35. Rxc6+ Kd7 36. Rd6+ 1-0